Interpretácia ukrajinského prezidenta v kontexte vojny na Ukrajine. Prípad internetového média „Infovojna”
Alternatívne médiá predstavujú v súčasnosti najmä v štátoch Vyšehradskej štvorky významný protipól mainstreamovým médiám. Vplyv alternatívnych médií na šírenie konkrétnych informácií vzbudzuje záujem vedeckého pro stredia nielen v zahraničí, ale aj na Slovensku.
Salvato in:
| Autore principale: | |
|---|---|
| Natura: | Capitolo di libro |
| Lingua: | slovacco |
| Soggetti: | |
| Tags: |
Nessun Tag, puoi essere il primo ad aggiungerne!!
|
MARC
| LEADER | 00000naa$a2200000$$$4500 | ||
|---|---|---|---|
| 001 | 0305321 | ||
| 005 | 20241127141846.4 | ||
| 041 | 0 | |a slo | |
| 044 | |a SK | ||
| 245 | 1 | 0 | |a Interpretácia ukrajinského prezidenta v kontexte vojny na Ukrajine. Prípad internetového média „Infovojna” |c Terézia Seresová |
| 520 | |a Alternatívne médiá predstavujú v súčasnosti najmä v štátoch Vyšehradskej štvorky významný protipól mainstreamovým médiám. Vplyv alternatívnych médií na šírenie konkrétnych informácií vzbudzuje záujem vedeckého pro stredia nielen v zahraničí, ale aj na Slovensku. | ||
| 610 | 2 | 0 | |a médiá |
| 610 | 2 | 0 | |a prezidenti |
| 610 | 2 | 0 | |a vojny |
| 610 | 2 | 0 | |a Vyšehradská štvorka |
| 610 | 2 | 0 | |a informácie |
| 100 | 1 | |a Seresová, Terézia, 1991- | |